M.S. Subbulakshmi (The Definitive Biography) (Record no. 12563)
[ view plain ]
| 000 -LEADER | |
|---|---|
| fixed length control field | 00286nam a22000977a 4500 |
| 008 - FIXED-LENGTH DATA ELEMENTS--GENERAL INFORMATION | |
| fixed length control field | 240405b |||||||| |||| 00| 0 eng d |
| 020 ## - INTERNATIONAL STANDARD BOOK NUMBER | |
| International Standard Book Number | 9789384067601 |
| 100 ## - MAIN ENTRY--PERSONAL NAME | |
| Personal name | George T.J.S |
| 9 (RLIN) | 7764 |
| 245 ## - TITLE STATEMENT | |
| Title | M.S. Subbulakshmi (The Definitive Biography) |
| 260 ## - PUBLICATION, DISTRIBUTION, ETC. (IMPRINT) | |
| Place of publication, distribution, etc. | New Delhi |
| Name of publisher, distributor, etc. | Aleph book Company |
| Date of publication, distribution, etc. | 2016 |
| Withdrawn status | Lost status | Source of classification or shelving scheme | Damaged status | Koha normalized classification for sorting | Not for loan | Home library | Current library | Shelving location | Date acquired | Total Checkouts | Full call number | Barcode | Date last seen | Date last checked out | Price effective from | Koha item type |
|---|---|---|---|---|---|---|---|---|---|---|---|---|---|---|---|---|
| Dewey Decimal Classification | GEO_920_000000000000000 | Good Samaritan School Library | Good Samaritan School Library | Biography | 04/05/2024 | 1 | GEO920 | GEO17855 | 05/09/2024 | 05/07/2024 | 04/05/2024 | BOOK |